01513nam a2200325 i 450000500170000000700030001700800390002002000150005904000350007404100080010908400110011710000270012824501000015525000220025526400500027730000630032733600270039033700330041733800280045049000450047852003590052352100580088253400140094065000500095465000490100465000360105365000410108970000300113070000270116020220316235550.0ta121119s1991 mx a gr 000 j spa a9681636511 aCO-BoRNBPbspaerdacCO-BoRNBP1 aspa aA BRO11 aBrowne, Anthonyd1946-13aEl libro de los cerdoscAnthony Browne ; traducción de Carmén Esteva ; editor Daniel Goldin aPrimera edición 1aMéxico bFondo de Cultura Económicac1991 a[30] páginas sin enumerarbilustraciones en colorc26 cm atextobtxt2rdacontent asin mediaciónbn2rdamedia avolumenbnc2rdacarrier0 aLos especiales de a la orilla del viento aUna aventura extraordinaria que recorre el universo de la casa. Los colores, las texturas, las formas definidas de los espacios domésticos, matizadas con la intensidad de las emociones vivas de sus personajes, son una refrescante vuelta a los rincones siempre latentes de la imaginación infantil, con toda su fuerza de representación de la realidad aRecomendado para un público infantil de 4 a 6 ños tPiggybook172LEMBaÁlbumes infantiles inglesesySiglo XX172LEMBaLiteratura infantil inglesa ySiglo XX172LEMBaFamilias en la literatura172LEMBaLibros ilustrados para niños1 aEsteva, Carmenetraductor1 aGoldin, Danieleeditor